Global imprints & appreciation of Allama Iqbal / (Record no. 356094)

000 -LEADER
fixed length control field 01191cam a2200325 i 4500
001 - CONTROL NUMBER
control field 18680131
003 - CONTROL NUMBER IDENTIFIER
control field USPCAS-E
005 - DATE AND TIME OF LATEST TRANSACTION
control field 20180118181423.0
008 - FIXED-LENGTH DATA ELEMENTS--GENERAL INFORMATION
fixed length control field 150629s2014 pk b 000 0 eng
010 ## - LIBRARY OF CONGRESS CONTROL NUMBER
LC control number 2015325384
020 ## - INTERNATIONAL STANDARD BOOK NUMBER
International Standard Book Number 9789695623725
025 ## - OVERSEAS ACQUISITION NUMBER
Overseas acquisition number P-E-2015325384; 33
037 ## - SOURCE OF ACQUISITION
Source of stock number/acquisition Library of Congress -- Islamabad Overseas Office
Terms of availability Rs 695
040 ## - CATALOGING SOURCE
Original cataloging agency DLC
Language of cataloging eng
Transcribing agency DLC
Description conventions rda
Modifying agency DLC
042 ## - AUTHENTICATION CODE
Authentication code lcode
-- pcc
050 00 - LIBRARY OF CONGRESS CALL NUMBER
Classification number PK2199.I65
Item number Z67437 2014
082 ## - DEWEY DECIMAL CLASSIFICATION NUMBER
Edition number 23
Classification number 891.43915
Author Mark NAD-G 2015
245 00 - TITLE STATEMENT
Title Global imprints & appreciation of Allama Iqbal /
Statement of responsibility, etc. compiled & editd by Nadeem Shafiq Malik.
246 3# - VARYING FORM OF TITLE
Title proper/short title Global imprints and appreciation of Allama Iqbal
260 ## - PUBLICATION, DISTRIBUTION, ETC.
Place of publication, distribution, etc. Lahore:
Name of publisher, distributor, etc. Fiction House;
Date of publication, distribution, etc. c2015.
300 ## - PHYSICAL DESCRIPTION
Extent ix, 223 pages ;
Dimensions 24 cm
502 ## - DISSERTATION NOTE
Dissertation note .
504 ## - BIBLIOGRAPHY, ETC. NOTE
Bibliography, etc. note Includes bibliographical references.
600 10 - SUBJECT ADDED ENTRY--PERSONAL NAME
Personal name Iqbal, Muhammad,
Titles and other words associated with a name Sir,
Dates associated with a name 1877-1938
General subdivision Criticism and interpretation.
700 1# - ADDED ENTRY--PERSONAL NAME
Personal name Malik, Nadeem Shafiq,
Relator term compiler.
856 41 - ELECTRONIC LOCATION AND ACCESS
Materials specified Table of contents only
Uniform Resource Identifier <a href="http://www.loc.gov/catdir/toc/fy16pdf02/2015325384.html">http://www.loc.gov/catdir/toc/fy16pdf02/2015325384.html</a>
906 ## - LOCAL DATA ELEMENT F, LDF (RLIN)
a 7
b cbc
c origode
d 3
e ncip
f 20
g y-gencatlg
942 ## - ADDED ENTRY ELEMENTS (KOHA)
Source of classification or shelving scheme
Koha item type Book
Holdings
Withdrawn status Lost status Source of classification or shelving scheme Damaged status Not for loan Collection code Permanent Location Current Location Shelving location Date acquired Source of acquisition Cost, normal purchase price Total Checkouts Full call number Barcode Date last seen Price effective from Koha item type Copy number
            US-Pakistan Center for Advanced Studies in Energy (USPCAS-E) US-Pakistan Center for Advanced Studies in Energy (USPCAS-E)   05/19/2016 NUST, Main office 695.00   891.43915 NAD-G 2015 CAS-E0001528 05/19/2016 05/19/2016 Book  
            US-Pakistan Center for Advanced Studies in Energy (USPCAS-E) US-Pakistan Center for Advanced Studies in Energy (USPCAS-E)   05/19/2016 NUST, Main office 695.00   891.43915 NAD-G 2015 CAS-E0001529 05/19/2016 05/19/2016 Book C-2
© 2023 Central Library, National University of Sciences and Technology. All Rights Reserved.